|
|
|
|
| LEADER |
00000nam a22000007a 4500 |
| 005 |
20110905143842.0 |
| 008 |
110905t2010 mx ||||s|||| 001 0 spa d |
| 020 |
|
|
|a 978-607-7603-51-1
|
| 035 |
|
|
|a 5464
|
| 040 |
|
|
|a vLex
|
| 090 |
|
|
|c 2378
|d 2378
|
| 100 |
1 |
|
|a Dv̀alos Torres, Mara̕ Susana
|
| 245 |
1 |
0 |
|a Manual de introduccin̤ al derecho mercantil
|h [Recurso electrn̤ico] /
|c Mara̕ Susana Dv̀alos Torres
|
| 256 |
|
|
|a Servicio en ln̕ea.
|
| 260 |
|
|
|a [Mx̌ico] :
|b Nostra Ediciones,
|c 2010.
|
| 300 |
|
|
|a 1 recurso electrn̤ico
|
| 500 |
|
|
|a En esta obra, la autora expone con claridad y sencillez temas bs̀icos para introducir al estudiante al estudio del derecho mercantil. El texto se enfoca en tres temas: a) la definicin̤ de Derecho Mercantil, b) el acto de comercio y c) el comerciante (en šte l︢timo ubicamos a las sociedades mercantiles).
|
| 506 |
1 |
|
|a Contenido solo disponible en los productos indicados
|d vLex Global
|d vLex Global (Academic Edition, excluding Law Schools)
|d vLex Global (U.S. Academic Edition, Law Schools)
|d vLex Global (U.S. Academic Edition, excluding Law Schools)
|d vLex Global (Academic Edition, Law Schools)
|
| 650 |
0 |
4 |
|a Derecho mercantil
|z Mx̌ico
|
| 740 |
0 |
|
|a vLex Libros (Servicio en ln̕ea)
|
| 856 |
4 |
0 |
|u http://vlex.com/source/manual-introduccion-derecho-mercantil-5464
|z Acceso restringido
|
| 942 |
|
|
|c BOOK
|